| 000 | 00773nam a2200289#a 4500 | ||
|---|---|---|---|
| 001 | 00638 | ||
| 003 | HDC | ||
| 007 | ta | ||
| 008 | 230623s2005 xx 000 0 eng d | ||
| 020 | _a9781405121248 (hbk.). | ||
| 040 | _aHDC | ||
| 050 |
_aQW 85 _b. P962 2005 |
||
| 245 | 0 |
_aProbiotic dairy products / _cedited by Adnan Tamime. |
|
| 264 | _aAmes, Iowa : | ||
| 264 |
_aOxford, UK _bBlackwell Pub., _cc 2005. |
||
| 300 |
_axvi,216p. : _b ill. ; _c 26cm. |
||
| 500 | _aIncludes bibliographical references and index. | ||
| 650 |
_aDairy Products _xmicrobiology. |
||
| 650 | _aFood Microbiology. | ||
| 650 | _aFood Technology. | ||
| 650 | _aProbiotics. | ||
| 700 | _aTamime, A. Y. | ||
| 942 | _2lcc | ||
| 942 | _cBK | ||
| 942 | _kQW 85 | ||
| 942 | _m. P962 2005 | ||
| 999 |
_c24187 _d24187 |
||